000 00720nam a22002297a 4500
999 _c3827
_d3827
001 3827
003 BD-JhCC
005 20221201134023.0
008 171118s2004 bg |||| |||| 000 0 ben d
020 _a9844611983
035 _a(BD-JhCC)3827
040 _aBD-JhCC
_dBD-JhCC
041 _aben
082 _a891.443
_bSAR 2004
100 _aসরকার, মোঃ আমজাদ হোসেন
245 _aপড়ন্ত বেলায় এসে /
_cমোঃ আমজাদ হোসেন সরকার
260 _aঢাকা :
_bগতিধারা,
_c২০০৪.
300 _a৯৫ পৃ. :
_c২২ সেমি.
650 _aBengali Novel
942 _2ddc
_cBK
_04